Pokémon - Tous les jeux - Statistiques

Statistiques générales
  • Ce quiz a été pris 263 fois
  • Le résultat moyen est 35 sur 109
Statistiques - réponses
Année Console Jeux % Correct
1999 Game Boy Rouge
99%
1999 Game Boy Bleu
98%
1996 Game Boy Vert
93%
2001 Game Boy Color Or
90%
2001 Game Boy Color Argent
89%
2011 Nintendo DS Blanc
87%
2011 Nintendo DS Noir
87%
2003 Game Boy Advance Saphir
87%
2000 Game Boy Jaune
86%
2007 Nintendo DS Diamant
84%
2003 Game Boy Advance Rubis
83%
2007 Nintendo DS Perle
82%
2013 Nintendo 3DS X
81%
2013 Nintendo 3DS Y
81%
2019 Nintendo Switch Bouclier
78%
2005 Game Boy Advance Émeraude
78%
2019 Nintendo Switch Épée
78%
2022 Nintendo Switch Violet
75%
2012 Nintendo DS Blanc 2
74%
2012 Nintendo DS Noir 2
74%
2009 Nintendo DS Platine
72%
2016 Nintendo 3DS Lune
70%
2004 Game Boy Advance Rouge Feu
70%
2016 Nintendo 3DS Soleil
70%
2022 Nintendo Switch Écarlate
69%
2016 iOS/Android Go
69%
2014 Nintendo 3DS Saphir Alpha
69%
2004 Game Boy Advance Vert Feuille
68%
2014 Nintendo 3DS Rubis Oméga
67%
2017 Nintendo 3DS Ultra-Lune
61%
2017 Nintendo 3DS Ultra-Soleil
61%
2001 Game Boy Color Cristal
55%
2018 Nintendo Switch Let's Go, Évoli
55%
2018 Nintendo Switch Let's Go, Pikachu
55%
2000 Nintendo 64 Snap
48%
2021 Nintendo Switch Diamant Étincelant
44%
2021 Nintendo Switch Perle Scintillante
44%
2010 Nintendo DS Argent SoulSilver
38%
2004 GameCube Colosseum
38%
2010 Nintendo DS Or HeartGold
37%
1998 | 2000 Nintendo 64 Stadium
36%
2007 Nintendo DS Ranger
30%
2009 Wii Rumble
29%
2021 Nintendo Switch/iOS/Android Unite
28%
2023 iOS/Android Sleep
27%
2020 Nintendo Switch/iOS/Android Home
20%
2018 Nintendo 3DS Détective Pikachu
17%
2016 Wii U Pokkén Tournament
17%
2020 Nintendo Switch/iOS/Android Café ReMix
16%
2005 Nintendo DS Dash
16%
2006 Game Boy Advance Équipe de secours Rouge
16%
2022 Nintendo Switch Légendes Pokémon : Arceus
16%
2000 Game Boy Color Pinball
16%
2001 Nintendo 64 Stadium 2
16%
2006 Nintendo DS Équipe de secours Bleue
15%
2021 Nintendo Switch New Pokémon Snap
15%
2008 Nintendo DS Nuit sur Almia
15%
2007 Wii Battle Revolution
14%
2009 Nintendo DS Explorateurs du Ciel
14%
2015 Nintendo 3DS/iOS/Android Shuffle
14%
2000 Game Boy Color Trading Card Game
14%
2008 Nintendo DS Explorateurs du Temps
13%
2016 Nintendo 3DS Méga Donjon Mystère
13%
2015 Nintendo 3DS Picross
12%
2008 Nintendo DS Explorateurs de l'Ombre
11%
2015 Nintendo 3DS Rumble World
11%
2019 iOS/Android Masters EX
10%
2018 Nintendo Switch/iOS/Android Quest
10%
2017 Nintendo Switch Pokkén Tournament DX
9%
2014 Nintendo 3DS Banque Pokémon
8%
2004 GameCube Channel
8%
2012 Nintendo DS Conquest
8%
2020 Nintendo Switch Équipe de secours DX
8%
2005 GameCube Le Souffle des ténèbres
8%
2013 Nintendo 3DS Les Portes de l'Infini
8%
2017 iOS/Android Magicarpe Jump
8%
2014 Nintendo 3DS Art Academy
7%
2006 Nintendo DS Link!
7%
2020 iOS/Android Smile
7%
2012 Wii PokéPark 2 : Le Monde des vœux
6%
2010 Wii PokéPark Wii : La Grande Aventure de Pikachu
6%
2011 Nintendo 3DS Super Pokémon Rumble
6%
1998 Nintendo 64 Hey You, Pikachu!
5%
2023 Nintendo Switch Le retour de Détective Pikachu
5%
2008 Wii My Pokémon Ranch
5%
2013 Wii U Rumble U
5%
2010 Nintendo DS Sillages de Lumière
5%
2003 Game Boy Advance Pinball : Rubis et Saphir
4%
2001 Nintendo 64 Puzzle League
4%
2012 Nintendo DS Apprends avec Pokémon : À la conquête du clavier
3%
2004 GameCube Box
3%
2014 iOS/Android Camp Pokémon
3%
2001 Game Boy Color Puzzle Challenge
3%
2012 Nintendo 3DS RAdar Pokémon
3%
2019 Android Rumble Rush
3%
2007 Borne d'Arcade Battrio
2%
2016 iOS/Android Duel
2%
2009 Wii Les aventures du Feu, de la Lumière et de la Tempête
2%
2014 Nintendo 3DS Link: Battle!
2%
2017 iOS/Android Pavillon Pokémon
2%
2011 Nintendo DS Pokédex 3D
2%
2011 PC Trading Card Game Online
2%
2016 Borne d'Arcade Ga-Olé
1%
2012 Nintendo DS Pokédex 3D Pro
1%
2011 Nintendo DS Pokémon Card Game: How to Play DS
1%
2012 Borne d'Arcade Tretta
1%
2001 Game Boy Color Here Comes Team Great Rocket!
0%
2014 Nintendo 3DS La bande de voleurs et 1000 Pokémon
0%
Aucun quiz correspondant
Distribution des résultats
% des personnes avec chaque résultat
Percentile par nombre de réponses
Votre historique - résultats
Vous n’avez pas pris ce quiz